| 000 | 01521cam a2200301K 4500 | ||
|---|---|---|---|
| 001 | principlesofpers00tosd | ||
| 003 | CaSfIA | ||
| 005 | 20210118212144.0 | ||
| 007 | cr|||| | ||
| 008 | 920414t19261925iluak b 000 0 eng d | ||
| 040 |
_aEMU _cEMU _dY@Y _dOCLCG _dCaSfIA |
||
| 035 | _a(OCoLC)25646604 | ||
| 050 | 4 |
_aHF5438 _b.F55 1926 |
|
| 100 | 1 |
_aTosdal, Harry R. _q(Harry Rudolph) , _d1889- |
|
| 245 | 1 | 0 |
_aPrinciples of personal selling, _h[electronic resource] _cby Harry R. Tosdal ... |
| 260 |
_aChicago, _aNew York, _bA.W. Shaw Company; [etc., etc.] _c1926 [c1925] |
||
| 300 |
_axii, 753 p. _bincl. forms., tables, diagrs. _c22 cm. |
||
| 504 | _aBibliography: p. 721-727. | ||
| 650 | 0 | _aSelling. | |
| 776 | 0 | 8 |
_iOnline version: _aTosdal, Harry R. (Harry Rudolph) , 1889- _tPrinciples of personal selling. _dChicago, New York, A.W. Shaw Company; [etc., etc.] 1926 [c1925] _w(OCoLC)620397410 |
| 856 | 4 | 1 |
_uhttp://www.archive.org/details/principlesofpers00tosd _zFree eBook from the Internet Archive |
| 856 | 4 | 2 |
_uhttp://www.openlibrary.org/books/OL24442687M _zAdditional information and access via Open Library |
| 029 | 1 |
_aNLGGC _b091862345 |
|
| 029 | 1 |
_aDEBBG _bBV009188177 |
|
| 942 | _cEB | ||
| 506 | _fНеобхідна авторизація на https://archive.org/ (створення облікового запису безкоштовно) | ||
| 506 | _fНеобхідна авторизація на https://openlibrary.org/ (створення облікового запису безкоштовно) | ||
| 999 |
_c539292 _d539292 |
||